000 00225nam a22000857a 4500
008 160809b xxu||||| |||| 00| 0 eng d
100 _982
_aBhushan B
245 _aLab Manual Chemistry-XI
260 _aNew Delhi
_bAPC Publication
_c2011
999 _c2736
_d2736